Teoría de la transición (Record no. 6722)

MARC details
000 -LEADER
campo de control de longitud fija 00754nam a2200229 i 4500
001 - NÚMERO DE CONTROL
campo de control 6722
003 - IDENTIFICADOR DE NÚMERO DE CONTROL
campo de control ES-MaACL
005 - FECHA Y HORA DE LA ÚLTIMA TRANSACCIÓN
campo de control 20230906145050.0
007 - CAMPO FIJO DE DESCRIPCIÓN FÍSICA--INFORMACIÓN GENERAL
campo de control de longitud fija t|
008 - DATOS DE LONGITUD FIJA--INFORMACIÓN GENERAL
campo de control de longitud fija 900415s1981 sp ||||1| spa d
020 ## - NÚMERO INTERNACIONAL ESTÁNDAR DEL LIBRO
Número Internacional Estándar del Libro 84-276-0548-X
080 ## - NÚMERO DE LA CLASIFICACIÓN DECIMAL UNIVERSAL
Número de la Clasificación Decimal Universal 323(46)"1973/1978"
080 ## - NÚMERO DE LA CLASIFICACIÓN DECIMAL UNIVERSAL
Número de la Clasificación Decimal Universal 9(46)"1973/1978"
100 1# - ENTRADA PRINCIPAL--NOMBRE DE PERSONA
Nombre de persona García San Miguel, Luis.
9 (RLIN) 55254
245 10 - MENCIÓN DEL TÍTULO
Título Teoría de la transición
Resto del título : un análisis del modelo español, 1973-1978 /
Mención de responsabilidad, etc. Luis García San Miguel.
260 ## - PUBLICACIÓN, DISTRIBUCIÓN, ETC.
Lugar de publicación, distribución, etc. Madrid :
Nombre del editor, distribuidor, etc. Editora Nacional,
Fecha de publicación, distribución, etc. D.L. 1981.
300 ## - DESCRIPCIÓN FÍSICA
Extensión 187 p. ;
Dimensiones 22 cm.
500 ## - NOTA GENERAL
Nota general Indice.
650 14 - PUNTO DE ACCESO ADICIONAL DE MATERIA--TÉRMINO DE MATERIA
Término de materia o nombre geográfico como elemento de entrada Partidos políticos-
Subdivisión geográfica España-
Subdivisión cronológica 1975-
9 (RLIN) 15865
651 #4 - PUNTO DE ACCESO ADICIONAL DE MATERIA--NOMBRE GEOGRÁFICO
Nombre geográfico España-
Subdivisión general Política y gobierno-
Subdivisión cronológica 1975-1982.
9 (RLIN) 8447
852 ## - LOCALIZACIÓN
Ubicación ES-MaACL
Número de control de estantería L-13379
Sublocalización o colección R.113944
Nota libre . - rust.
Holdings
Estatus retirado Estado de pérdida Estado de daño No para préstamo Biblioteca de origen Biblioteca actual Ubicación en estantería Fecha de adquisición Fuente de adquisición Total de préstamos Signatura topográfica completa Código de barras Visto por última vez Precio de reemplazo Tipo de ítem Koha
        Biblioteca del Ateneo de Madrid Biblioteca del Ateneo de Madrid Depósito 2 17/01/2008     L-13379 1006849 23/02/2023 23/02/2023 Libro impreso